[Event "Tri-State M (ID, WY, MT)"]
[Site "Jackson, WY"]
[Date "2004.10.23"]
[Round "2.5"]
[White "Eacker, Barry D"]
[Black "Carr, John B"]
[Result "0-1"]
[WhiteElo "1600"]
[BlackElo "1732"]

1. Nf3 d5 2. c4 Nf6 3. d4 e6 4. Bg5 Be7 5. e3 O-O 6. Bd3 b6 7. Qc2 h6 8. Bxf6
Bxf6 9. O-O Bb7 10. Nbd2 Nd7 11. Rac1 c5 12. Rfe1 Rc8 13. Qb1 Re8 14. b4 cxd4
15. exd4 dxc4 16. Bxc4 Bd5 17. Ba6 Rc7 18. a3 Nb8 19. Rxc7 Qxc7 20. Rc1 Qd7
21. Bc4 Nc6 22. Qd3 Rd8 23. Ne4 Bxe4 24. Qxe4 Nxd4 25. Nxd4 Qxd4 26. Qe2 Rc8
27. a4 Bg5 28. Rc2 Qa1+ 29. Qf1 Qxa4 30. f4 {#R} 0-1

[Event "Tri-State M (ID, WY, MT)"]
[Site "Jackson, WY"]
[Date "2004.10.24"]
[Round "3.5"]
[White "Carr, John B"]
[Black "Eacker, Barry D"]
[Result "1/2-1/2"]
[WhiteElo "1732"]
[BlackElo "1600"]

1. d4 Nf6 2. Nf3 e6 3. e3 b6 4. Bd3 Bb7 5. O-O Be7 6. b3 O-O 7. Bb2 c5 8. Nbd2
d6 9. c4 d5 10. Rc1 Nbd7 11. Qc2 Rc8 12. Qb1 h6 13. Ne5 cxd4 14. exd4 dxc4 15.
Rxc4 Rxc4 16. Ndxc4 Qa8 17. f3 Nxe5 18. dxe5 Bc5+ 19. Kh1 Ng4 20. Qc2 Ne3 21.
Nxe3 Bxe3 22. Re1 Rc8 23. Qe2 Bc5 24. Rd1 Rd8 25. Bc2 a5 26. Rxd8+ Qxd8 27.
Qd3 Qxd3 28. Bxd3 Bd5 29. h3 Kf8 30. Kh2 Ke7 31. Kg3 Bc6 32. h4 b5 33. Kf4 b4
34. g4 {#d} 1/2-1/2

[Event "Tri-State M (ID, WY, MT)"]
[Site "Jackson, WY"]
[Date "2004.10.24"]
[Round "4.5"]
[White "Eacker, Barry D"]
[Black "Carr, John B"]
[Result "1/2-1/2"]
[WhiteElo "1600"]
[BlackElo "1732"]

1. e4 e6 2. d4 d5 3. exd5 exd5 4. Nf3 Bg4 5. Be2 Bd6 6. h3 Bf5 7. O-O Ne7 8.
Re1 O-O 9. Bd3 Bxd3 10. Qxd3 Nd7 11. Bg5 f6 12. Bh4 Ng6 13. Nbd2 c6 14. Nf1
Qc7 15. c3 Rae8 16. Bg3 Nb6 17. Bxd6 Qxd6 18. b3 Qd7 19. Ng3 Nc8 20. Qd2 Nd6
21. Rxe8 Rxe8 22. Re1 Rxe1+ 23. Qxe1 Kf7 24. Qe3 Nf5 25. Qd3 Nxg3 26. fxg3 Qe6
27. Kf2 h6 28. Qe3 Ne7 29. g4 Nc8 30. Qxe6+ Kxe6 31. Ke3 Nd6 32. Nd2 g5 33. g3
b5 34. a3 a5 35. Kd3 f5 36. Ke3 a4 37. b4 Kf6 38. gxf5 Nxf5+ 39. Kf3 h5 40.
Nf1 h4 41. g4 Ng7 42. Ne3 Ne6 43. Ng2 Ke7 44. Ke2 Ng7 45. Ne3 Ke6 46. Kf3 Kf6
47. Ke2 Ne6 48. Ng2 Nc7 49. Ne3 Ne6 50. Ng2 Ng7 {#d} 1/2-1/2

[Event "WIO (Open)"]
[Site "Boise, ID"]
[Date "2010.12.11"]
[Round "1.4"]
[White "Carr, John B"]
[Black "Abderhalden, Richard Robert"]
[Result "1-0"]
[WhiteElo "1755"]
[BlackElo "1550"]

1. d4 Nf6 2. c4 c6 3. Nc3 d5 4. cxd5 cxd5 5. Nf3 Bf5 6. Bf4 e6 7. e3 Bd6 8.
Bxd6 Qxd6 9. Bd3 Bg6 10. O-O Nbd7 11. Rc1 a6 12. Re1 Ne4 13. Nh4 Nxc3 14. Rxc3
Be4 15. Bxe4 dxe4 16. Qg4 O-O 17. Qxe4 b5 18. Rec1 Nf6 19. Qc2 h6 20. Rc6 Qd5
21. b3 e5 22. Rc5 Qd8 23. dxe5 Ng4 24. Nf3 h5 25. h3 Nh6 26. Rd1 Qe7 27. Rc7
Qb4 28. Rdd7 Rae8 29. Ng5 Qh4 30. Qh7# 1-0

[Event "WIO (Open)"]
[Site "Boise, ID"]
[Date "2010.12.11"]
[Round "2.1"]
[White "Pellam, Randall W"]
[Black "Carr, John B"]
[Result "1-0"]
[WhiteElo "1934"]
[BlackElo "1755"]

1. e4 e6 2. Nc3 d5 3. d3 Nf6 4. Bg5 Be7 5. Nf3 O-O 6. Be2 Nc6 7. e5 Nd7 8. Bf4
a6 9. d4 f6 10. exf6 Nxf6 11. Bg3 Bd7 12. Bd3 Nb4 13. Ne2 Nxd3+ 14. cxd3 Bb4+
15. Nc3 Qe7 16. O-O Bd6 17. Ne2 Rae8 18. Re1 Bc8 19. Rc1 Nd7 20. Nc3 Bxg3 21.
hxg3 c6 22. Rc2 h6 23. Rce2 Qf7 24. Qd2 Nf6 25. Ne5 Qh5 26. Nd1 Ng4 27. Nxg4
Qxg4 28. Qc3 Rf6 29. Ne3 Qg5 30. Nf1 h5 31. Nh2 h4 32. Re5 Qg6 33. g4 Ref8 34.
R1e2 Rf4 35. g3 hxg3 36. fxg3 R4f6 37. Qd2 Qf7 38. Qe1 Qg6 39. g5 Rf5 40. Rxf5
Qxf5 41. Rf2 Qxd3 42. Rxf8+ Kxf8 43. Qf2+ Qf5 44. Nf3 Ke7 45. Ne5 Qxf2+ 46.
Kxf2 Bd7 47. b4 Be8 48. Ke3 b6 49. a3 Kd6 50. Kf4 c5 51. dxc5+ bxc5 52. bxc5+
Kxc5 {(Black lost on time in x moves.)} {#r} 1-0

[Event "WIO (Open)"]
[Site "Boise, ID"]
[Date "2010.12.12"]
[Round "4.5"]
[White "Stewart, David Wayne"]
[Black "Carr, John B"]
[Result "1/2-1/2"]
[WhiteElo "1335"]
[BlackElo "1611"]

1. e4 e6 2. Nf3 d5 3. Nc3 Nf6 4. e5 Nfd7 5. d4 c5 6. Bb5 a6 7. Bxd7+ Bxd7 8.
Be3 cxd4 9. Qxd4 Be7 10. Qg4 Bf8 11. O-O Nc6 12. Na4 Qc7 13. Nb6 Rb8 14. c4 g6
15. cxd5 exd5 16. Nxd7 Qxd7 17. Qxd7+ Kxd7 18. Rfd1 Ne7 19. Rac1 Bg7 20. Bd4
Nf5 21. Bc3 h6 22. Rxd5+ Ke6 23. Rcd1 Bf8 24. g4 Ng7 25. h4 Be7 26. g5 h5 27.
Kg2 Nf5 28. Nd4+ Nxd4 29. R1xd4 Rhd8 30. Rxd8 Rxd8 31. Rxd8 Bxd8 32. f4 Bb6
{#d} 1/2-1/2

[Event "Idaho Closed"]
[Site "Twin Falls, ID"]
[Date "2011.02.19"]
[Round "1.6"]
[White "Patterson, Kevin R"]
[Black "Carr, John B"]
[Result "0-1"]
[WhiteElo "1247"]
[BlackElo "1732"]

1. e4 e6 2. d4 d5 3. e5 c5 4. Nf3 Nc6 5. Be3 cxd4 6. Bxd4 Nxd4 7. Qxd4 Ne7 8.
c3 Bd7 9. Nbd2 Nc6 10. Qe3 Be7 11. Nb3 O-O 12. Be2 Qc7 13. O-O f6 14. exf6
Rxf6 15. Nbd4 Raf8 16. Nxc6 bxc6 17. Rad1 Bd6 18. b4 e5 19. Nh4 e4 20. g3 Bh3
21. Ng2 Qf7 22. Rd2 Qc7 23. Bd1 Qb8 24. a3 Bc7 25. c4 Bb6 26. c5 Bc7 27. f3
exf3 28. Rxf3 Qd8 29. Rdf2 Rxf3 30. Bxf3 Re8 31. Qd3 Bc8 32. Ne3 Rf8 33. Nf1
Be5 34. Qe2 Bd4 35. Kh1 Bxf2 36. Qxf2 Qf6 {#R} 0-1

[Event "Idaho Closed"]
[Site "Twin Falls, ID"]
[Date "2011.02.20"]
[Round "4.3"]
[White "Carr, John B"]
[Black "Stark, Jim"]
[Result "1-0"]
[WhiteElo "1732"]
[BlackElo "1595"]

1. d4 d5 2. c4 c6 3. cxd5 cxd5 4. Nc3 Nf6 5. Nf3 Nc6 6. Bf4 e6 7. e3 Be7 8. a3
Nh5 9. Bg3 Nxg3 10. hxg3 a6 11. Bd3 h6 12. Rc1 Bd7 13. Ne5 Nxe5 14. dxe5 b5
15. O-O b4 16. axb4 Bxb4 17. Qg4 Bf8 18. Rc2 Qg5 19. Qxg5 hxg5 20. Ra1 Be7 21.
Rxa6 Rxa6 22. Bxa6 O-O 23. Bd3 Rb8 24. Kf1 f6 25. exf6 gxf6 26. Ke2 e5 27.
Nxd5 Bd8 28. b3 Kg7 29. Bc4 Bf5 30. Ra2 Kg6 31. f3 Bd7 32. e4 Bb5 33. Bxb5
Rxb5 34. b4 Rb8 35. g4 Rb7 36. Ra8 Be7 37. Nxe7+ Rxe7 38. Kd3 Rc7 39. b5 Rc1
40. Ra7 Rd1+ 41. Kc4 Rd6 42. Kc5 Rd1 43. b6 Rc1+ 44. Kd6 Rd1+ 45. Kc7 Rc1+ 46.
Kd8 Rd1+ 47. Rd7 Rb1 48. Rd6 Kf7 49. Rc6 Rd1+ 50. Kc7 Ke7 51. b7 Rd7+ 52. Kb6
Rd8 53. Ka7 Kd7 54. Rxf6 Ke7 55. Rb6 Rd1 56. b8=Q Ra1+ 57. Kb7 {#r} 1-0

[Event "Idaho Closed"]
[Site "Twin Falls, ID"]
[Date "2011.02.21"]
[Round "5.2"]
[White "Baggett, Jeff M"]
[Black "Carr, John B"]
[Result "1/2-1/2"]
[WhiteElo "1696"]
[BlackElo "1732"]

1. e4 e6 2. d4 d5 3. e5 c5 4. c3 Nc6 5. Nf3 Bd7 6. Bd3 Qb6 7. O-O cxd4 8. cxd4
Nxd4 9. Nxd4 Qxd4 10. Nc3 Qxe5 11. Re1 Qb8 12. Qf3 Nf6 13. Nxd5 Nxd5 14. Qxd5
Be7 15. Qh5 Bf6 16. Rb1 Qd8 17. Bf4 Rc8 18. Rbd1 g6 19. Qf3 O-O 20. Bb5 Bxb5
21. Rxd8 Rfxd8 22. Qxb7 Bc6 23. Qxa7 Bxb2 24. Qb6 Bd4 25. Qb4 Bg7 26. h4 Rd4
27. Qe7 Bxg2 28. Kxg2 Rxf4 29. Rxe6 Rc2 30. Re2 Rxe2 31. Qxe2 Rxh4 32. Qe8+
Bf8 33. a4 Rh5 34. Qd8 Kg7 35. a5 Bc5 36. a6 h6 37. Qc7 Rg5+ 38. Kf1 Rf5 39.
a7 Rxf2+ 40. Ke1 Bxa7 41. Qxa7 Rf5 42. Qd4+ Kh7 43. Ke2 h5 44. Ke3 Ra5 45. Qd7
Rf5 46. Ke4 h4 47. Qe7 h3 48. Qh4+ Rh5 49. Qf6 Kg8 50. Qd8+ Kg7 51. Qd4+ f6
52. Qd7+ Kh6 53. Qd2+ g5 54. Qh2 Kg6 55. Kf3 Rh4 56. Qc2+ Kf7 57. Qc7+ Kg6 58.
Qh2 Rc4 59. Ke3 f5 60. Qa2 Rh4 61. Qe6+ Kh5 62. Qxf5 h2 63. Qh7+ Kg4 64. Qe4+
Kh5 65. Qh1 Kg6 66. Kf2 Rf4+ 67. Kg3 Rh4 68. Qb1+ Kf6 69. Qb6+ Kf7 70. Qc7+
Ke6 71. Qc8+ Kd5 72. Qd8+ Kc4 73. Qg8+ Kd3 74. Qd5+ Kc2 75. Qh1 Kb2 76. Kg2
Kc2 77. Kf1 Kd2 78. Kf2 Kc2 79. Ke3 Kc3 80. Ke2 Kc4 {#d} 1/2-1/2

[Event "Idaho Closed"]
[Site "Twin Falls, ID"]
[Date "2011.02.21"]
[Round "6.1"]
[White "Parsons, Larry R"]
[Black "Carr, John B"]
[Result "1/2-1/2"]
[WhiteElo "2005"]
[BlackElo "1732"]

1. c4 e5 2. g3 Nc6 3. Bg2 Nf6 4. Nc3 g6 5. d3 Bg7 6. Nf3 O-O 7. O-O d6 8. Rb1
Rb8 9. b4 h6 10. Bd2 Be6 11. b5 Ne7 12. c5 Qd7 13. cxd6 cxd6 14. a4 b6 15. Qc1
Kh7 16. Qa3 Rfd8 17. a5 Bh3 18. Rfc1 Bxg2 19. Kxg2 Qb7 20. e4 Bf8 21. Qb3 Kg7
22. a6 Qd7 23. d4 exd4 24. Nxd4 d5 25. e5 Ne8 26. f4 Nc7 27. Nce2 Ne6 28.
Nxe6+ fxe6 29. Nd4 Rbc8 30. g4 Kf7 31. Qd3 Rc4 32. Be3 Rdc8 {#d} 1/2-1/2

[Event "WIO (Open)"]
[Site "Boise, ID"]
[Date "2011.12.10"]
[Round "1.6"]
[White "Lundy III, George"]
[Black "Carr, John B"]
[Result "1-0"]
[WhiteElo "1461"]
[BlackElo "1745"]

1. e4 e6 2. d4 d5 3. Nc3 Bb4 4. e5 c5 5. Nf3 Nc6 6. Bb5 Bd7 7. O-O Nge7 8. Ne2
cxd4 9. Nexd4 O-O 10. c3 Bc5 11. Be3 Qc7 12. Nxc6 Bxe3 13. Nxe7+ Kh8 14. Nxd5
exd5 15. Bxd7 Bf4 16. Qd4 Bh6 17. Bf5 g6 18. Bc2 Rad8 19. Rfe1 b6 20. Qh4 Bg7
21. Rad1 Rfe8 22. Ng5 h6 23. e6 {#r} 1-0

[Event "WIO (Open)"]
[Site "Boise, ID"]
[Date "2011.12.10"]
[Round "2.6"]
[White "Carr, John B"]
[Black "McGarvey, James H"]
[Result "1/2-1/2"]
[WhiteElo "1745"]
[BlackElo "1600"]

1. d4 Nf6 2. c4 e6 3. Nc3 Bb4 4. Bg5 c5 5. d5 exd5 6. cxd5 d6 7. e3 Qa5 8.
Bxf6 gxf6 9. Qc2 Bg4 10. f3 Bh5 11. Bd3 Bg6 12. Nge2 O-O 13. O-O Bxc3 14. Nxc3
Nd7 15. f4 c4 16. Bxg6 fxg6 17. Rf3 Rfe8 18. Rd1 Nc5 19. Rg3 Qc7 20. Nb5 Qe7
21. Qxc4 a6 22. Nd4 Rac8 23. Qe2 Ne4 24. Rf3 Nc5 25. f5 Qe5 26. Ne6 Ne4 27.
Qd3 gxf5 28. Rdf1 Nc5 29. Nxc5 Rxc5 30. Rg3+ Kh8 31. Rxf5 Qxb2 32. Qd4 Rc1+
33. Rf1 Rxf1+ 34. Kxf1 Qxd4 35. exd4 Rc8 36. Rb3 Rc1+ 37. Kf2 Rc2+ 38. Kf3
Rxa2 39. Rxb7 Rd2 40. Rb6 Rxd4 41. Rxd6 a5 42. Rxf6 Rxd5 43. Ra6 Kg7 44. h3
Rb5 45. Kg3 h6 46. Kf3 Rg5 47. g4 Rb5 48. h4 Rb3+ 49. Kf4 Rb4+ 50. Kf5 Rb5+
51. Kf4 {#d} 1/2-1/2

[Event "WIO (Open)"]
[Site "Boise, ID"]
[Date "2011.12.10"]
[Round "3.6"]
[White "Carr, John B"]
[Black "Hamilton, Brett B"]
[Result "0-1"]
[WhiteElo "1745"]
[BlackElo "1904"]

1. d4 Nf6 2. c4 e6 3. Nc3 g6 4. Bg5 d5 5. cxd5 exd5 6. Bxf6 Qxf6 7. Nxd5 Qd6
8. Nc3 Bg7 9. Nf3 O-O 10. e3 c6 11. Be2 Bf5 12. O-O Nd7 13. Rc1 Rfe8 14. Qb3
Nb6 15. Rfd1 Rad8 16. Na4 Be6 17. Qc2 Nxa4 18. Qxa4 Qc7 19. a3 a6 20. b4 Qe7
21. Qc2 Bd5 22. Ne1 Bh6 23. Bf3 Be6 24. Qc5 Qh4 25. d5 cxd5 26. Bxd5 Bf8 27.
Bxe6 Bxc5 {#R} 0-1

[Event "WIO (Open)"]
[Site "Boise, ID"]
[Date "2011.12.11"]
[Round "5.7"]
[White "Pemsler, Carmen"]
[Black "Carr, John B"]
[Result "0-1"]
[WhiteElo "1320"]
[BlackElo "1745"]

1. c4 e5 2. Nc3 Bb4 3. e4 Bxc3 4. bxc3 d6 5. d4 Ne7 6. Nf3 Bg4 7. g3 O-O 8.
Bg2 c5 9. Be3 b6 10. O-O Nbc6 11. Qd2 Bxf3 12. Bxf3 Qc7 13. Rad1 Rad8 14. Qb2
Na5 15. Be2 Qc6 16. Bd3 cxd4 17. cxd4 Nxc4 18. Bxc4 Qxc4 19. dxe5 dxe5 20.
Rxd8 Rxd8 21. Qxe5 Ng6 22. Qa1 Qxe4 23. Re1 Ne5 24. Rd1 Nf3+ 25. Kh1 Ne1+ 26.
Kg1 Qg2# 0-1

[Event "Southern Idaho Open"]
[Site "Twin Falls, ID"]
[Date "2012.11.03"]
[Round "2.3"]
[White "Roland, Jeffrey T"]
[Black "Carr, John B"]
[Result "1-0"]
[WhiteElo "1700"]
[BlackElo "1717"]

1. e4 e6 2. d4 d5 3. Nd2 Nf6 4. e5 Nfd7 5. f4 c5 6. c3 Nc6 7. Ngf3 Qb6 8. Nb3
Be7 9. Be3 O-O 10. dxc5 Qc7 11. Bd3 Nd8 12. O-O h6 13. Qe1 Nxc5 14. Nxc5 Bxc5
15. Nd4 Bd7 16. Qf2 Rc8 17. Rac1 Qb8 18. Kh1 Bxd4 19. cxd4 Rxc1 20. Rxc1 Nc6
21. Bb1 Rc8 22. g4 Ne7 23. Rf1 Rc6 24. f5 exf5 25. gxf5 f6 26. e6 Be8 27. Rg1
Ng6 28. Qg2 Qd8 29. fxg6 Rxe6 30. Bf4 Bc6 31. Bf5 Re7 32. Qh3 Qe8 33. Bd3 Bd7
34. Qf3 Bc6 35. Bd2 Re6 36. Qg3 Re7 37. Re1 Rxe1+ 38. Qxe1 Qxe1+ 39. Bxe1 Kf8
40. Bb4+ Ke8 41. Bf5 a6 {Time Forfeit} {#r} 1-0

[Event "Southern Idaho Open"]
[Site "Twin Falls, ID"]
[Date "2012.11.03"]
[Round "3.4"]
[White "Carr, John B"]
[Black "Gorman, Cody Austin"]
[Result "1-0"]
[WhiteElo "1717"]
[BlackElo "1383"]

1. d4 Nf6 2. c4 e6 3. Nc3 Bb4 4. Bg5 h6 5. Bh4 g5 6. Bg3 b6 7. e3 Bb7 8. f3
Nh5 9. Qc2 Nxg3 10. hxg3 g4 11. O-O-O Qg5 12. f4 Qg7 13. Nge2 Nc6 14. a3 Bxc3
15. Nxc3 O-O-O 16. Rh2 Ne7 17. Bd3 d6 18. Rh5 Nc6 19. Be4 f5 20. Bd3 Ne7 21.
Kb1 Qg6 22. Rdh1 Ng8 23. Rxf5 Qg7 24. Rfh5 Nf6 25. R5h2 Nd7 26. Be4 Ba6 27.
Bd3 Bb7 28. Nb5 Kb8 29. Qa4 a6 30. Nc3 Kc8 31. Be4 Bxe4+ 32. Nxe4 Qg6 33. Qc2
Qg7 34. Rh4 Rdg8 35. Qa4 Qg6 36. Qc2 Qg7 37. Kc1 Kb7 38. Qd3 Nf6 39. Nxf6 Qxf6
40. Rh5 Rd8 41. e4 Qg6 42. Kd2 c6 43. e5 Qxd3+ 44. Kxd3 dxe5 45. Rxh6 Rxd4+
46. Kc3 Rhd8 47. Rh7+ R4d7 {The rest of the game was not recorded due to time
pressure. } {#r} 1-0

[Event "Southern Idaho Open"]
[Site "Twin Falls, ID"]
[Date "2012.11.03"]
[Round "4.2"]
[White "Gretchanei, Petro"]
[Black "Carr, John B"]
[Result "1-0"]
[WhiteElo "1692"]
[BlackElo "1717"]

1. e4 e6 2. d4 d5 3. Bd3 Nf6 4. e5 Nfd7 5. Qg4 c5 6. c3 Nc6 7. Ne2 Qb6 8. b3
cxd4 9. cxd4 Nb4 10. Qf3 Nxd3+ 11. Qxd3 Bb4+ 12. Nbc3 O-O 13. O-O f6 14. Na4
Qd8 15. Nf4 Nb6 16. Nxb6 Qxb6 17. Nh5 Be7 18. Qg3 Rf7 19. Bh6 g6 20. exf6 Bxf6
21. Nxf6+ Rxf6 22. Qe5 Rf7 23. Rac1 Qd8 24. Bg5 Qf8 25. Rc3 Rf5 26. Qg3 Bd7
27. Rc7 Bc6 28. Qh3 h5 29. Qe3 Re8 30. Bh6 Qd6 31. Rg7+ Kh8 32. Rxg6 Kh7 33.
Rg7+ Kh8 34. Rg3 Rg8 35. Re1 e5 36. Rxg8+ Kxg8 37. Qg3+ Kf7 38. Qg7+ Ke8 39.
dxe5 Qe6 40. f4 d4 41. Bg5 Rf7 42. Qg8+ Kd7 43. Qd8# 1-0

[Event "WIO (Open)"]
[Site "Boise, ID"]
[Date "2012.12.08"]
[Round "1.8"]
[White "Carr, John"]
[Black "Ruberry, Chip"]
[Result "0-1"]
[WhiteElo "1704"]
[BlackElo "1422"]

1. d4 Nf6 2. c4 e6 3. Nc3 b6 4. Nf3 Bb7 5. Bg5 Be7 6. e3 c5 7. Bd3 d5 8. O-O
Nbd7 9. Rc1 Ne4 10. Bf4 a6 11. cxd5 exd5 12. Nd2 Ndf6 13. f3 Nxc3 14. Rxc3 c4
15. Bb1 O-O 16. a3 Nh5 17. Qc2 g6 18. Be5 f6 19. Bg3 Nxg3 20. hxg3 f5 21. Kf2
Qd6 22. Rh1 b5 23. f4 a5 24. Qd1 h5 25. Nf3 Bf6 26. Rc1 b4 27. a4 b3 28. Bxf5
gxf5 29. Ne5 Bxe5 30. dxe5 Qd7 31. Qxh5 Qg7 32. Rcd1 Ra6 33. Rh4 Rg6 34. Rdh1
Bc8 35. R1h3 Rg4 36. Qh8+ Qxh8 37. Rxh8+ Kf7 38. Rxf8+ Kxf8 39. Rh7 Rg7 40.
Rh8+ Rg8 41. Rh7 Ba6 42. Rc7 Rg6 43. Rc5 Rb6 44. Rxd5 c3 45. Rd1 cxb2 46. Rb1
Rc6 47. Kf3 Rc2 48. g4 Bb7+ 49. Kg3 Rxg2+ 50. Kh4 Rxg4+ 51. Kh3 Rg2 52. Kh4
Be4 {#R} 0-1

[Event "WIO (Open)"]
[Site "Boise, ID"]
[Date "2012.12.08"]
[Round "2.6"]
[White "Nathan, Jacob Ari"]
[Black "Carr, John"]
[Result "0-1"]
[WhiteElo "687"]
[BlackElo "1704"]

1. e4 e6 2. Nf3 d5 3. exd5 exd5 4. Qe2+ Be7 5. g3 Nf6 6. Bg2 O-O 7. O-O Re8 8.
Qb5 b6 9. d4 Ba6 10. Qb3 Bxf1 11. Kxf1 c5 12. Ng5 Nc6 13. dxc5 Bxc5 14. Bd2
Ne4 15. Nf3 Qf6 16. Nc3 Nxd2+ 17. Nxd2 Qxf2# 0-1

[Event "WIO (Open)"]
[Site "Boise, ID"]
[Date "2012.12.08"]
[Round "3.3"]
[White "Carr, John"]
[Black "Pemsler, Carmen"]
[Result "1-0"]
[WhiteElo "1704"]
[BlackElo "1474"]

1. d4 f5 2. g3 Nf6 3. Bg2 d5 4. Nf3 Nc6 5. O-O g6 6. Nbd2 Bg7 7. c4 O-O 8. e3
e6 9. b3 Re8 10. Bb2 b6 11. Rc1 Bb7 12. a3 a5 13. Rc2 Rc8 14. Qa1 Qe7 15. Rfc1
Nd7 16. cxd5 exd5 17. Rxc6 Bxc6 18. Rxc6 Nb8 19. Rc2 Nd7 20. Qc1 c5 21. Ne5
Nxe5 22. dxe5 Bxe5 23. Bxd5+ Kf8 24. Nc4 Bc7 25. e4 g5 26. f3 b5 27. Ne3 fxe4
28. Nf5 {#r} 1-0

[Event "WIO (Open)"]
[Site "Boise, ID"]
[Date "2012.12.09"]
[Round "5.6"]
[White "Carr, John"]
[Black "Gorman, Cody Austin"]
[Result "1/2-1/2"]
[WhiteElo "1704"]
[BlackElo "1662"]

1. d4 Nf6 2. c4 e6 3. Nc3 Bb4 4. Bg5 d5 5. e3 c5 6. cxd5 exd5 7. Bd3 cxd4 8.
exd4 O-O 9. Nge2 Be6 10. O-O Nc6 11. Rc1 Be7 12. Re1 Qd7 13. Bb5 Rac8 14. Nf4
{#d} 1/2-1/2

[Event "Idaho Closed"]
[Site "Twin Falls, ID"]
[Date "2013.02.16"]
[Round "1.6"]
[White "Carr, John B"]
[Black "Pemsler, Alise"]
[Result "1-0"]
[WhiteElo "1700"]
[BlackElo "570"]

1. d4 d5 2. c4 Nf6 3. Nc3 Nc6 4. Nf3 Bg4 5. Bg5 e6 6. cxd5 exd5 7. e3 a6 8.
Be2 Bb4 9. O-O O-O 10. Rc1 Bf5 11. Ne5 Ne7 12. Bxf6 gxf6 13. Ng4 a5 14. Nxd5
Qxd5 15. Nxf6+ Kg7 16. Nxd5 Bd6 17. Nxe7 Bxe7 18. Rxc7 Bd6 19. Rc1 Rfe8 20.
Bd3 Re6 21. Bxf5 Rh6 22. g3 a4 23. Qg4+ Kf6 24. f4 Ra5 25. Qg5# 1-0

[Event "Idaho Closed"]
[Site "Twin Falls, ID"]
[Date "2013.02.16"]
[Round "2.1"]
[White "Parsons, Larry R"]
[Black "Carr, John B"]
[Result "1/2-1/2"]
[WhiteElo "2000"]
[BlackElo "1700"]

1. c4 e5 2. g3 Nf6 3. Bg2 c6 4. d4 Bb4+ 5. Bd2 Bxd2+ 6. Qxd2 exd4 7. Qxd4 d5
8. Nf3 O-O 9. O-O dxc4 10. Qxc4 Nbd7 11. Nc3 Nb6 12. Qc5 Re8 13. Rfd1 Qe7 14.
Qxe7 Rxe7 15. Nd4 Bd7 16. Nc2 Kf8 17. e4 Rae8 18. Ne3 Ng4 19. Rxd7 Rxd7 20.
Nxg4 Rd2 21. Nd1 Nc4 22. b3 Nd6 23. Nc3 Rc2 24. e5 Rxc3 25. exd6 Rd3 26. Ne3
Rxd6 27. Kf1 Rd2 28. Nc4 Rc2 29. Ne3 Rd2 30. Nc4 Rc2 31. Bf3 Re6 32. Bd1 Rc3
33. Rb1 Ke7 34. Rb2 Rd3 35. Be2 Rd8 36. Rd2 Rxd2 37. Nxd2 Kd6 38. a3 Kc5 39.
Bc4 Re7 40. Nf3 {#d} 1/2-1/2

[Event "Idaho Closed"]
[Site "Twin Falls, ID"]
[Date "2013.02.17"]
[Round "3.4"]
[White "Carr, John B"]
[Black "Pemsler, Carmen"]
[Result "1/2-1/2"]
[WhiteElo "1700"]
[BlackElo "1465"]

1. d4 f5 2. g3 Nf6 3. Bg2 g6 4. Nf3 Bg7 5. O-O O-O 6. c4 d6 7. Nc3 Nbd7 8. Qc2
e5 9. e3 Re8 10. dxe5 Nxe5 11. b3 Nc6 12. Bb2 Nb4 13. Qd2 Nc6 14. Rfd1 Qe7 15.
Nd5 Nxd5 16. Qxd5+ Be6 17. Qd2 Bxb2 18. Qxb2 Qg7 19. Qxg7+ Kxg7 20. Nd4 Nxd4
21. Rxd4 Rab8 22. Rad1 Re7 23. Bd5 Bxd5 24. Rxd5 Kf6 25. Kf1 b6 26. Ke2 Re5
27. Rxe5 Kxe5 28. f4+ Ke6 29. Kf3 Kf6 30. Rd4 Re8 31. e4 Re7 32. h3 h5 33. g4
hxg4+ 34. hxg4 fxg4+ 35. Kxg4 Re6 36. Kf3 g5 37. Rd5 gxf4 38. Kxf4 Re5 39.
Rxe5 dxe5+ 40. Kg4 {#d} 1/2-1/2

[Event "Idaho Closed"]
[Site "Twin Falls, ID"]
[Date "2013.02.17"]
[Round "4.4"]
[White "Knoll, Lucas"]
[Black "Carr, John B"]
[Result "1/2-1/2"]
[WhiteElo "1060"]
[BlackElo "1700"]

1. e4 e6 2. Nf3 d5 3. exd5 exd5 4. d4 Bg4 5. h3 Bh5 6. Bd3 Nc6 7. Bb5 Bd6 8.
Bxc6+ bxc6 9. Nc3 Ne7 10. g4 Bg6 11. Ne5 f6 12. Nxg6 Nxg6 13. Qe2+ Qe7 14.
Qxe7+ Kxe7 15. Be3 Bf4 16. O-O-O Rae8 17. Rhe1 Kd6 18. Re2 Re7 19. Rde1 Rhe8
20. Kd2 {#d} 1/2-1/2

[Event "Idaho Open (Open)"]
[Site "Pocatello, ID"]
[Date "2013.05.18"]
[Round "2.5"]
[White "Carr, John B"]
[Black "Booth, Tom R"]
[Result "0-1"]
[WhiteElo "1700"]
[BlackElo "1558"]

1. d4 e6 2. c4 d5 3. Nc3 Nf6 4. cxd5 exd5 5. Bg5 c6 6. e3 Be7 7. Bd3 O-O 8.
Qc2 h6 9. Bh4 Nbd7 10. Nf3 Re8 11. O-O Nf8 12. Rfc1 Ne4 13. Bxe7 Qxe7 14. Ne5
Bf5 15. Ne2 Nd7 16. f3 Nxe5 17. dxe5 Bh7 18. fxe4 Qxe5 19. Ng3 dxe4 20. Bc4
Rad8 21. Rd1 Qg5 22. Qf2 Bg6 23. Bb3 Rd3 24. Rf1 Qxe3 25. Qxe3 Rxe3 26. Bc4 b5
27. Kf2 Rxg3 28. hxg3 e3+ 29. Ke2 bxc4 30. Rad1 Bh5+ 31. Rf3 Bxf3+ 32. gxf3
Rb8 33. Rb1 Kf8 34. Kxe3 c5 35. Kd2 Rd8+ 36. Ke3 Rb8 37. Kd2 Rd8+ 38. Ke3 Rd4
39. b3 cxb3 40. Rxb3 Rb4 41. Ra3 Rb7 42. Kd3 Ke7 43. Kc4 Kd6 44. Ra6+ Kc7 45.
Kxc5 Kb8 46. Kd6 Rb6+ 47. Rxb6+ axb6 48. Ke7 g5 49. f4 gxf4 50. gxf4 h5 51.
Kxf7 h4 52. f5 h3 53. f6 h2 54. Ke7 h1=Q 55. f7 Qe4+ 56. Kd7 {#R} 0-1

[Event "Idaho Open (Open)"]
[Site "Pocatello, ID"]
[Date "2013.05.18"]
[Round "3.6"]
[White "Hughes, Craig Mark"]
[Black "Carr, John B"]
[Result "1-0"]
[WhiteElo "1647"]
[BlackElo "1700"]

1. e4 e6 2. d4 d5 3. exd5 exd5 4. Nf3 Bg4 5. Bd3 Bd6 6. O-O Ne7 7. Nbd2 Nbc6
8. c3 Qd7 9. Qc2 Bf5 10. Re1 O-O 11. Nf1 Rfe8 12. Ne3 Bg6 13. Bd2 Rad8 14. h3
Bf4 15. Bxg6 Nxg6 16. Ng4 Kf8 17. Bxf4 Nxf4 18. Ng5 f6 19. Nxh7+ Kf7 20. Nhxf6
Nxh3+ 21. gxh3 gxf6 22. Qh7+ Kf8 23. Nxf6 Qxh7 24. Nxh7+ Kg7 25. Ng5 Kf6 26.
h4 Kf5 27. Kh2 Kg4 28. Ne6 Rd7 29. Re3 Rh8 30. Rg1+ Kf5 31. Rg5+ Kf6 32. Kg3
Ne7 33. Ng7 Rh7 34. Rf3+ {#r} 1-0

[Event "Idaho Open (Open)"]
[Site "Pocatello, ID"]
[Date "2013.05.19"]
[Round "4.7"]
[White "Kardzhyan, Vahan"]
[Black "Carr, John B"]
[Result "0-1"]
[WhiteElo "1456"]
[BlackElo "1700"]

1. d4 Nf6 2. c4 e6 3. Nf3 d5 4. e3 b6 5. Nc3 Bb7 6. Bd3 Bd6 7. O-O O-O 8. Qc2
dxc4 9. Be4 Nxe4 10. Nxe4 Nd7 11. Nxd6 cxd6 12. Nd2 Qg5 13. e4 Qg6 14. Qxc4
Bxe4 15. Nxe4 Qxe4 16. Be3 Rfc8 17. Qb5 Nf6 18. Rad1 Qb7 19. f3 Nd5 20. Bf2
Qc6 21. Qxc6 Rxc6 22. Rc1 Rac8 23. Rxc6 Rxc6 24. Rb1 Kf8 25. Kf1 Ke7 26. b4 b5
27. Rb3 Rc3 28. Rb2 Kd7 29. Ke1 Ra3 30. Kd2 Nf4 {#R} 0-1